Guess the Taylor Swift Song (no hints) 69 - Statistics

General Stats
  • This quiz has been taken 166 times
    94 since last reset
  • The average score is 204 of 286
Answer Stats
Answer % Correct
I
100%
a
98%
we
98%
You
98%
you
98%
the
96%
me"
94%
in
91%
is
91%
So
91%
so
91%
And
89%
and
89%
Love
89%
on
89%
to
89%
there
87%
What
87%
your
87%
Your
87%
it
85%
no
85%
No
85%
was
85%
My
83%
my
83%
"She
83%
go
81%
it's
81%
that
81%
That
81%
they
81%
for
79%
Her
79%
know
79%
this
79%
"This
79%
You're
79%
you're
79%
of
77%
One
77%
all
75%
could
75%
Don't
75%
don't
75%
not
75%
said
75%
say
74%
you'll
74%
But
72%
had
72%
How
72%
night
72%
Champagne
70%
champagne
70%
have
70%
head,"
70%
never
70%
Never
70%
problems
70%
she's
70%
up
70%
"Well,
70%
we'll
70%
fucked
68%
hand
68%
Now
68%
Because
66%
just
66%
out
66%
sit
66%
couldn't
64%
heart
64%
Left
64%
made
64%
shame
64%
their
64%
With
64%
our
62%
real
62%
reason
62%
show
62%
thing
62%
think
62%
two
62%
watch
62%
would've
62%
again
60%
find
60%
money,
60%
picture
60%
sister
60%
train
60%
while
60%
won't
60%
booked
58%
dancing
58%
friends
58%
give
58%
leave
58%
pocket
58%
standing
58%
wallet
58%
bride
57%
dropped
57%
instead
57%
keep
57%
one's
57%
or
57%
ready,
57%
She'll
57%
told
57%
bottle
55%
celebrating
55%
door
55%
family
55%
glass,
55%
hurt
55%
lovely
55%
such
55%
sure
55%
touch
55%
worse
55%
answer
53%
crowd
53%
hold
53%
knees
53%
mom's
53%
once
53%
patch
53%
ring
53%
shred
53%
Sometimes
53%
tapestry
53%
they'll
53%
which
53%
brought
51%
called
51%
evergreen,
51%
group
51%
madhouse"
51%
splashed
51%
'Til
51%
walked
51%
word
51%
Chevy
49%
deck
49%
halls
49%
hometown
49%
joke,
49%
landing
49%
November
49%
remember
49%
silent
49%
sleepers
49%
someone's
49%
speech,
49%
speechless
49%
asks
47%
beyond
47%
crowds
47%
cure
47%
Dom
47%
dorm
47%
flannel
47%
flush
47%
Midas
47%
nerve
47%
skeptics
47%
soon
47%
through
47%
Crestfallen
45%
reaches
45%
applauded
43%
Bustling
40%
Pérignon,
38%
slipped
34%
No matching quizzes found
Score Distribution
Percent of People with Each Score
Percentile by Number Answered
Your Score History
You have not taken this quiz since the last reset